000 00465nam a2200181 4500
003 LK-CoMWRAF
005 20240103114642.0
008 230906b1988 |||||||| |||| 00| 0 eng d
040 _aLK-CoMWRAF
_dLK-CoMWRAF
_eLK-CoMWRAF
041 _aeng
082 _a823
_bFER
100 _aFernando, Vijitha
245 _aEleven stories
260 _aColombo :
_b Women's Education Center,
_c1988
650 _aShort stories
700 _aRanaweera, Eva
_eed.
942 _cBK
999 _c3422
_d3422